000 00451nam a2200181 a 4500
001 17438
003 CO-ViMGA
008 141112s2004 ck r 000 u spa d
020 _a8439702108
040 _aCO-ViMGA
_bspa
_cCO-ViMGA
082 0 4 _a861.3 A523s
100 1 _aAlberti, Rafael
_94557
245 1 0 _aSueños del marinero
260 _aMadríd (España),
_cMondadori,
_c1998
490 _a69.p.
650 1 4 _aPOESIA ESPAÑOLA
942 _2ddc
_cBK
999 _c26975
_d26975